000 00352nam a22001217a 4500
999 _c5465
_d5465
008 250919b ||||| |||| 00| 0 eng d
020 _a9781398524705
082 _a823.00 STE
100 _aSTEADMAN,A.F.
_eAUTHOR
_lENGLISH
245 _aSKANDAR AND THE SKELETON CURSE
260 _a1ST FLOOR,222 GRAY'S INN ROAD
_bSIMON&SCHUSTER UK LTD
_c2024
942 _2ddc